Statistics for Top 15 Celebrities Born In 1941

Click here to take the quiz!

General Stats

  • This quiz has been taken 105 times
  • The average score is 5 of 15

Answer Stats

Answer% Correct
Kim Jong-il
71%
Bernie Sanders
62%
Bob Dylan
61%
Art Garfunkel
54%
Martha Stewart
45%
Paul Simon
45%
Mama Cass Elliot/ Cass Elliot
30%
Linda McCartney
28%
Neil Diamond
25%
Faye Dunaway
18%
Ann Margret
17%
Richie Valens
17%
Vivienne Westwood
16%
Otis Redding
13%
Peter Cullen
3%

Score Distribution

Percentile by Number Answered

Percent of People with Each Score

Your Score History

You have not taken this quiz